Botanical microtechnique: principles and practice by S M Khasim (Record no. 1209393)
[ view plain ]
| 000 -LEADER | |
|---|---|
| fixed length control field | 01009nam a2200277Ia 4500 |
| 003 - CONTROL NUMBER IDENTIFIER | |
| control field | OSt |
| 005 - DATE AND TIME OF LATEST TRANSACTION | |
| control field | 20221007121821.0 |
| 008 - FIXED-LENGTH DATA ELEMENTS--GENERAL INFORMATION | |
| fixed length control field | 221006b |||||||| |||| 00| 0 eng d |
| 020 ## - INTERNATIONAL STANDARD BOOK NUMBER | |
| International Standard Book Number | 8185589097 (hbd) |
| 037 ## - SOURCE OF ACQUISITION | |
| Terms of availability | Textual |
| 040 ## - CATALOGING SOURCE | |
| Original cataloging agency | BDL |
| Transcribing agency | BDL |
| Language of cataloging | eng |
| 041 ## - LANGUAGE CODE | |
| Source of code | eng |
| Language code of text/sound track or separate title | eng |
| 100 ## - MAIN ENTRY--PERSONAL NAME | |
| Personal name | Khasim S M |
| 9 (RLIN) | 712988 |
| 245 #0 - TITLE STATEMENT | |
| Title | Botanical microtechnique: principles and practice by S M Khasim |
| 260 ## - PUBLICATION, DISTRIBUTION, ETC. | |
| Place of publication, distribution, etc. | New |
| Name of publisher, distributor, etc. | Delhi Capital Pub. Co. |
| Date of publication, distribution, etc. | 2002 |
| 300 ## - PHYSICAL DESCRIPTION | |
| Extent | xiii, 264p |
| Dimensions | cm. |
| 500 ## - GENERAL NOTE | |
| General note | Appendix I-II, 229-237p; Bibliographical references 239-259p; Index 261-264p; ^n23/CSL/CARC/2002-2003/466^d2002-11-09^mPurchase; ; 2002-03/470^b2002-11-22^c108/2002-2003^d2002-11-13^eRs.17,100.00^fApple Books; ; 2003-04-02^bSB^c2003-09-03^dS C Jindal |
| 650 ## - SUBJECT ADDED ENTRY--TOPICAL TERM | |
| Topical term or geographic name entry element | Investigation |
| 9 (RLIN) | 317906 |
| 650 ## - SUBJECT ADDED ENTRY--TOPICAL TERM | |
| Topical term or geographic name entry element | Botany |
| 942 ## - ADDED ENTRY ELEMENTS (KOHA) | |
| Classification part | I:f, P2 |
| Koha item type | Textual |
| Source of classification or shelving scheme | Colon Classification (CC) |
| Withdrawn status | Lost status | Source of classification or shelving scheme | Damaged status | Not for loan | Home library | Current library | Date acquired | Source of acquisition | Total Checkouts | Full call number | Barcode | Date last seen | Price effective from | Koha item type |
|---|---|---|---|---|---|---|---|---|---|---|---|---|---|---|
| Colon Classification (CC) | Department of Botany Library | Department of Botany Library | 2022-10-07 | Apple, | I:f P2 | BD0004785 | 2022-10-07 | 2022-10-07 | Textual |
